[Event "Campeonato del Mundo sub-20 2010"]
[Site "Chotowa POL"]
[Date "2010.08.12"]
[Round "9.38"]
[White "Fernandez, Daniel Howard"]
[Black "Ivanov, Stojan Lubomirov"]
[Result "1-0"]
[WhiteElo "2401"]
[BlackElo "2223"]
[PlyCount "155"]
[EventDate "2010.08.03"]
[EventType "swiss"]
[EventRounds "13"]
[EventCountry "POL"]
[Source "lmi"]
[SourceDate "2010.08.03"]

1. e4 c5 2. Nc3 d6 3. Nf3 Nf6 4. e5 dxe5 5. Nxe5 Nbd7 6. Nc4 a6 7. a4 g6 8. g3
Bg7 9. Bg2 Nb6 10. Ne3 a5 11. O-O Rb8 12. Qe2 Bd7 13. Re1 O-O 14. Nc4 Bg4 15.
Qf1 Nbd5 16. Nd1 Nb4 17. Nde3 Be6 18. d3 b6 19. c3 Nbd5 20. Nxd5 Nxd5 21. Bg5
Bf6 22. h4 Qd7 23. Qe2 Rfe8 24. Ne5 Qc8 25. Bh6 Qc7 26. Ng4 Bg7 27. Bd2 Bxg4
28. Qxg4 e6 29. Bxd5 exd5 30. Bf4 Rxe1+ 31. Rxe1 Qc8 32. Qg5 Rb7 33. Qxd5 Rd7
34. Qe4 h5 35. Qe8+ Qxe8 36. Rxe8+ Kh7 37. Rb8 Rxd3 38. Rxb6 Rd1+ 39. Kg2 Ra1
40. Rb5 Rxa4 41. Rxc5 Ra2 42. Rb5 a4 43. Bc1 a3 44. bxa3 Bxc3 45. Rb3 Bd4 46.
Be3 Bxe3 47. Rxe3 Kg7 48. Kf3 Kf8 49. Rd3 Ke7 50. Ke3 Ke6 51. f4 Kf5 52. Kd4 f6
53. Kc4 Kg4 54. Kb3 Ra1 55. a4 g5 56. fxg5 fxg5 57. hxg5 Kxg5 58. Kb4 Kg4 59.
a5 Rf1 60. Ra3 Rf6 61. Kc5 Ra6 62. Kb5 Rg6 63. a6 Rg7 64. Kc6 Rg6+ 65. Kc5 Rg8
66. a7 Ra8 67. Kc6 Rf8 68. a8=Q Rxa8 69. Rxa8 Kxg3 70. Rg8+ Kf3 71. Rh8 Kg4 72.
Kd5 h4 73. Ke4 Kg3 74. Ke3 h3 75. Rg8+ Kh2 76. Kf2 Kh1 77. Rg1+ Kh2 78. Rg3 1-0

[Event "Campeonato del Mundo sub-20 2010"]
[Site "Chotowa POL"]
[Date "2010.08.12"]
[Round "9.39"]
[White "Barski, Radoslaw"]
[Black "Dimitrov, Pavel"]
[Result "1-0"]
[WhiteElo "2290"]
[BlackElo "2365"]
[PlyCount "81"]
[EventDate "2010.08.03"]
[EventType "swiss"]
[EventRounds "13"]
[EventCountry "POL"]
[Source "lmi"]
[SourceDate "2010.08.03"]

1. e4 e5 2. Nf3 Nc6 3. Bb5 a6 4. Ba4 Nf6 5. O-O b5 6. Bb3 Be7 7. Re1 O-O 8. h3
d6 9. c3 Na5 10. Bc2 c5 11. d4 cxd4 12. cxd4 Qc7 13. Nbd2 Bb7 14. d5 Rac8 15.
Bd3 Nd7 16. Nf1 f5 17. exf5 Bxd5 18. Ng5 Bxg5 19. Bxg5 Bb7 20. Rc1 Qb6 21. Rxc8
Bxc8 22. Ne3 Bb7 23. b4 Nc4 24. Nxc4 bxc4 25. Bxc4+ Kh8 26. Be6 Nf6 27. Qb1 Nd5
28. Qb3 Nf6 29. Rc1 Ne4 30. Be3 Qd8 31. Qc4 Qa8 32. Qc7 Bd5 33. a4 Nf6 34. Qxd6
Bxg2 35. Qxf8+ Qxf8 36. Kxg2 Ne8 37. Rc8 Qe7 38. h4 g6 39. Bg5 Qb7+ 40. Kh2
Qxb4 41. Bf6# 1-0

[Event "Campeonato del Mundo sub-20 2010"]
[Site "Chotowa POL"]
[Date "2010.08.12"]
[Round "9.41"]
[White "Larmuseau, Maarten"]
[Black "Zhou, Yang-fan"]
[Result "1-0"]
[WhiteElo "2277"]
[BlackElo "2348"]
[PlyCount "55"]
[EventDate "2010.08.03"]
[EventType "swiss"]
[EventRounds "13"]
[EventCountry "POL"]
[Source "lmi"]
[SourceDate "2010.08.03"]

1. e4 c5 2. Nf3 e6 3. d3 Nc6 4. g3 Nf6 5. Bg2 d5 6. Nbd2 Be7 7. O-O O-O 8. Re1
b5 9. exd5 exd5 10. c4 Bf5 11. cxb5 Nb4 12. Ne5 Nxd3 13. Nc6 Bg4 14. Nf3 Nxe1
15. Nxd8 Nxf3+ 16. Bxf3 Bxf3 17. Qxf3 Rfxd8 18. Bf4 Ne4 19. Rd1 Bf6 20. Kg2
Rac8 21. Qa3 g5 22. Bc1 c4 23. Qf3 c3 24. bxc3 Rxc3 25. Qf5 Kg7 26. Bb2 Nd6 27.
Qxd5 Nc4 28. Bxc3 1-0

[Event "Campeonato del Mundo sub-20 2010"]
[Site "Chotowa POL"]
[Date "2010.08.12"]
[Round "9.42"]
[White "Van Rensburg, Ryan Pierre"]
[Black "Kantans, Toms"]
[Result "1-0"]
[WhiteElo "2079"]
[BlackElo "2343"]
[PlyCount "31"]
[EventDate "2010.08.03"]
[EventType "swiss"]
[EventRounds "13"]
[EventCountry "POL"]
[Source "lmi"]
[SourceDate "2010.08.03"]

1. d4 Nf6 2. c4 c5 3. d5 b5 4. cxb5 a6 5. bxa6 Bxa6 6. Nc3 d6 7. e4 Bxf1 8.
Kxf1 g6 9. g3 Bg7 10. Kg2 O-O 11. Nf3 Nbd7 12. h3 Nb6 13. Bf4 Qb8 14. Qe2 Na4
15. Nxa4 Rxa4 16. e5 1-0

[Event "Campeonato del Mundo sub-20 2010"]
[Site "Chotowa POL"]
[Date "2010.08.12"]
[Round "9.43"]
[White "Kriebel, Tadeas"]
[Black "Smola, Michal"]
[Result "0-1"]
[WhiteElo "2320"]
[BlackElo "2220"]
[PlyCount "58"]
[EventDate "2010.08.03"]
[EventType "swiss"]
[EventRounds "13"]
[EventCountry "POL"]
[Source "lmi"]
[SourceDate "2010.08.03"]

1. d4 Nf6 2. c4 b6 3. Nc3 Bb7 4. Nf3 e6 5. a3 Be7 6. Bg5 O-O 7. e3 Ne4 8. Bxe7
Qxe7 9. Nxe4 Bxe4 10. Nd2 Bb7 11. Qc2 h6 12. O-O-O c5 13. dxc5 bxc5 14. Ne4 d5
15. Nc3 dxc4 16. f4 Nd7 17. Bxc4 Nb6 18. Bd3 c4 19. Be4 Bxe4 20. Qxe4 Qc7 21.
Rd4 Rfc8 22. Rhd1 Rab8 23. Rd6 Qc5 24. Qd4 Qa5 25. Rd2 Na4 26. Nxa4 Qxa4 27.
Rc2 Qb3 28. Qc3 Qa2 29. Rd1 Qa1+ 0-1

[Event "Campeonato del Mundo sub-20 2010"]
[Site "Chotowa POL"]
[Date "2010.08.12"]
[Round "9.44"]
[White "Roos, Adrian"]
[Black "Posedaru, Bogdan"]
[Result "1/2-1/2"]
[WhiteElo "2097"]
[BlackElo "2294"]
[PlyCount "46"]
[EventDate "2010.08.03"]
[EventType "swiss"]
[EventRounds "13"]
[EventCountry "POL"]
[Source "lmi"]
[SourceDate "2010.08.03"]

1. e4 c5 2. Nf3 Nc6 3. d4 cxd4 4. Nxd4 Qb6 5. Nb3 Nf6 6. Nc3 e6 7. Bd3 Qc7 8.
f4 d6 9. Be3 a6 10. O-O Be7 11. a3 O-O 12. g4 Nd7 13. g5 Re8 14. Qh5 g6 15. Qh6
Bf8 16. Qh4 Bg7 17. Rf3 Nf8 18. Raf1 b5 19. Rh3 b4 20. Nd1 bxa3 21. bxa3 Qd8
22. Qg3 f5 23. gxf6 Bxf6 1/2-1/2

[Event "Campeonato del Mundo sub-20 2010"]
[Site "Chotowa POL"]
[Date "2010.08.12"]
[Round "9.45"]
[White "Straka, Josef Jr"]
[Black "Pagerka, Martin"]
[Result "1/2-1/2"]
[WhiteElo "2337"]
[BlackElo "2215"]
[PlyCount "145"]
[EventDate "2010.08.03"]
[EventType "swiss"]
[EventRounds "13"]
[EventCountry "POL"]
[Source "lmi"]
[SourceDate "2010.08.03"]

1. d4 Nf6 2. c4 e6 3. Nf3 b6 4. g3 Bb7 5. Bg2 d5 6. O-O Nbd7 7. cxd5 exd5 8.
Nc3 a6 9. Bf4 Nh5 10. Bg5 Be7 11. Bxe7 Qxe7 12. Rc1 Nhf6 13. Qd2 O-O 14. Qf4 c5
15. b3 Rac8 16. dxc5 bxc5 17. e3 Ne4 18. Rfd1 Ndf6 19. Qe5 Rfe8 20. Qxe7 Rxe7
21. Nd2 Nxd2 22. Rxd2 d4 23. Bxb7 Rxb7 24. exd4 cxd4 25. Ne2 Rxc1+ 26. Nxc1 Rd7
27. Ne2 Kf8 28. Rxd4 Rc7 29. Ra4 Rc6 30. Kg2 Nd5 31. Ra5 Rd6 32. a3 g6 33. b4
Ke7 34. b5 axb5 35. Rxb5 Rd7 36. a4 Kd6 37. a5 Ra7 38. Nd4 Nc7 39. Rb6+ Kc5 40.
Nb3+ Kc4 41. Nd2+ Kc3 42. Ne4+ Kd4 43. Rb4+ Ke5 44. f4+ Kd5 45. Nf6+ Kc5 46.
Re4 Kd6 47. Re5 h5 48. Ne4+ Kd7 49. f5 Kd8 50. Nd6 Na8 51. Nxf7+ Rxf7 52. fxg6
Rg7 53. Rxh5 Nc7 54. Rh8+ Ne8 55. Rh6 Nf6 56. h4 Kd7 57. h5 Ke6 58. Rh8 Kf5 59.
a6 Ra7 60. Rf8 Kg5 61. Rf7 Rxa6 62. g7 Ng8 63. Rf8 Kxh5 64. Rxg8 Kg6 65. Kh3
Kf7 66. Rb8 Kxg7 67. g4 Ra1 68. Kh4 Kg6 69. Rb6+ Kg7 70. Kh5 Ra5+ 71. g5 Ra7
72. Rg6+ Kh7 73. Rd6 1/2-1/2

[Event "Campeonato del Mundo sub-20 2010"]
[Site "Chotowa POL"]
[Date "2010.08.12"]
[Round "9.46"]
[White "Akkozov, Berik"]
[Black "Gator, Mosab"]
[Result "1-0"]
[WhiteElo "2328"]
[BlackElo "2121"]
[PlyCount "61"]
[EventDate "2010.08.03"]
[EventType "swiss"]
[EventRounds "13"]
[EventCountry "POL"]
[Source "lmi"]
[SourceDate "2010.08.03"]

1. d4 d5 2. Nf3 e6 3. c4 c5 4. cxd5 exd5 5. Nc3 Nc6 6. g3 Nf6 7. Bg2 cxd4 8.
Nxd4 Qb6 9. Nxc6 bxc6 10. O-O Be7 11. Na4 Qb5 12. Be3 Bf5 13. Rc1 O-O 14. Bc5
Rfe8 15. Re1 Ne4 16. Bxe7 Rxe7 17. b3 Rae8 18. Qd4 Ng5 19. h4 Ne4 20. e3 Rc8
21. Nc5 Qb6 22. Red1 Qb8 23. Nxe4 Bxe4 24. Qc5 Re6 25. Bxe4 dxe4 26. Rd7 a6 27.
Qf5 Rf8 28. Rxf7 Rf6 29. Rxf6 Rxf6 30. Qxe4 Qf8 31. Rxc6 1-0

[Event "Campeonato del Mundo sub-20 2010"]
[Site "Chotowa POL"]
[Date "2010.08.12"]
[Round "9.47"]
[White "Tran, Ngoc Lan"]
[Black "Larmuseau, Michiel"]
[Result "1/2-1/2"]
[WhiteElo "2218"]
[BlackElo "2068"]
[PlyCount "78"]
[EventDate "2010.08.03"]
[EventType "swiss"]
[EventRounds "13"]
[EventCountry "POL"]
[Source "lmi"]
[SourceDate "2010.08.03"]

1. e4 e6 2. d4 d5 3. Nc3 Bb4 4. exd5 exd5 5. Bd3 Nc6 6. a3 Bxc3+ 7. bxc3 Nge7
8. Qh5 Be6 9. Rb1 Qc8 10. Nf3 h6 11. h3 Bf5 12. O-O Bg6 13. Bxg6 fxg6 14. Qh4
O-O 15. Re1 Nf5 16. Qg4 g5 17. Ne5 Nd6 18. a4 Qxg4 19. hxg4 Nd8 20. Ng6 Rf7 21.
Ne7+ Kh7 22. Nxd5 c6 23. Ne3 Ne4 24. c4 Rd7 25. Nf5 Nf6 26. f3 Rc8 27. Ba3 Nf7
28. c3 Rcc7 29. a5 g6 30. Re6 gxf5 31. Rxf6 fxg4 32. fxg4 Nh8 33. g3 Rf7 34.
Rbf1 Kg7 35. Bd6 Rxf6 36. Bxc7 Nf7 37. Rb1 b6 38. Rxb6 axb6 39. a6 Re6 1/2-1/2

[Event "Campeonato del Mundo sub-20 2010"]
[Site "Chotowa POL"]
[Date "2010.08.12"]
[Round "9.48"]
[White "Zysko, Jan"]
[Black "Sreeves, Clement"]
[Result "1/2-1/2"]
[WhiteElo "2210"]
[BlackElo "2085"]
[PlyCount "114"]
[EventDate "2010.08.03"]
[EventType "swiss"]
[EventRounds "13"]
[EventCountry "POL"]
[Source "lmi"]
[SourceDate "2010.08.03"]

1. e4 c5 2. Nf3 d6 3. d4 cxd4 4. Nxd4 Nf6 5. Nc3 g6 6. Be3 Bg7 7. f3 Nc6 8. Qd2
O-O 9. O-O-O d5 10. exd5 Nxd5 11. Nxc6 bxc6 12. Bd4 Nxc3 13. Qxc3 Bh6+ 14. Be3
Bxe3+ 15. Qxe3 Qb6 16. Qxe7 Be6 17. Qa3 Rad8 18. Re1 Rd5 19. Bc4 Ra5 20. Qc3
Bxc4 21. Qxc4 Rb8 22. b3 Rxa2 23. Re7 Rf8 24. Qc3 Ra5 25. Rhe1 Rc5 26. Qe3 Qb4
27. Kb2 Ra5 28. Ra1 Rxa1 29. Kxa1 a5 30. Re4 Qb5 31. Kb2 Rb8 32. Re5 Qa6 33.
Re7 Qb5 34. Qf4 Rf8 35. h4 h5 36. g4 hxg4 37. fxg4 a4 38. Qxa4 Qxa4 39. bxa4 f5
40. g5 f4 41. Re2 Kf7 42. Kc3 f3 43. Rf2 Ke6 44. Kd4 Rf4+ 45. Ke3 Rxa4 46. Rxf3
Rxh4 47. Rf6+ Kd5 48. Rxg6 Rh3+ 49. Kd2 Rg3 50. Kc1 c5 51. Kb2 Kc4 52. Rg8 Rg2
53. g6 Rg3 54. g7 Rg1 55. Ka2 Rg3 56. Kb2 Rg1 57. Ka2 Rg3 1/2-1/2

[Event "Campeonato del Mundo sub-20 2010"]
[Site "Chotowa POL"]
[Date "2010.08.12"]
[Round "9.49"]
[White "Lewicki, Miroslaw"]
[Black "Aguirre Manzo, Leopoldo Antonio"]
[Result "1-0"]
[WhiteElo "2149"]
[BlackElo "2203"]
[PlyCount "93"]
[EventDate "2010.08.03"]
[EventType "swiss"]
[EventRounds "13"]
[EventCountry "POL"]
[Source "lmi"]
[SourceDate "2010.08.03"]

1. e4 c5 2. Nf3 d6 3. d4 cxd4 4. Nxd4 Nf6 5. Nc3 a6 6. Bg5 e6 7. f4 Be7 8. Qf3
Qc7 9. O-O-O Nbd7 10. g4 b5 11. Bxf6 Nxf6 12. g5 Nd7 13. a3 Bb7 14. Rg1 O-O-O
15. Bh3 Kb8 16. f5 e5 17. f6 exd4 18. fxe7 Rde8 19. Bxd7 Qxd7 20. Rxd4 Qxe7 21.
Qd3 Rd8 22. a4 bxa4 23. Rxa4 Qe5 24. Nd5 Rc8 25. Qb3 Rc5 26. Rb4 Rb5 27. Rxb5
axb5 28. Qxb5 Qxe4 29. Rd1 Rc8 30. Nb4 Rc4 31. c3 Rc5 32. Na6+ Kc8 33. Nxc5
Qf4+ 34. Kb1 Qf5+ 35. Qd3 Qxc5 36. Qxd6 Qxg5 37. Qf8+ Kc7 38. Qxf7+ Kb6 39.
Rd6+ Bc6 40. Qf2+ Kc7 41. Rd4 Qh5 42. Qg3+ Kb6 43. Qb8+ Ka6 44. Qc8+ Kb6 45.
Rb4+ Kc5 46. Qf8+ Kd5 47. Rd4+ 1-0

[Event "Campeonato del Mundo sub-20 2010"]
[Site "Chotowa POL"]
[Date "2010.08.12"]
[Round "9.50"]
[White "Pecha, Tomas"]
[Black "Casanova, Fernando Ricardo So"]
[Result "1/2-1/2"]
[WhiteElo "2187"]
[BlackElo "2074"]
[PlyCount "44"]
[EventDate "2010.08.03"]
[EventType "swiss"]
[EventRounds "13"]
[EventCountry "POL"]
[Source "lmi"]
[SourceDate "2010.08.03"]

1. e4 d6 2. d4 Nf6 3. Nc3 g6 4. Be3 c6 5. h3 Bg7 6. Qd2 b5 7. Bd3 Nbd7 8. g4 h5
9. g5 Nh7 10. f4 a6 11. Nf3 Bb7 12. O-O c5 13. d5 Qc7 14. Nd1 c4 15. Be2 Nc5
16. Bxc5 dxc5 17. c3 Rd8 18. Qe3 O-O 19. Nh4 Rfe8 20. Nf2 e6 21. d6 Qxd6 22.
Rfd1 Qe7 1/2-1/2

[Event "Campeonato del Mundo sub-20 2010"]
[Site "Chotowa POL"]
[Date "2010.08.12"]
[Round "9.53"]
[White "Pierard, Florian"]
[Black "Podolsky, Anton"]
[Result "0-1"]
[WhiteElo "2081"]
[BlackElo "2190"]
[PlyCount "98"]
[EventDate "2010.08.03"]
[EventType "swiss"]
[EventRounds "13"]
[EventCountry "POL"]
[Source "lmi"]
[SourceDate "2010.08.03"]

1. e4 c5 2. Nc3 Nc6 3. g3 g6 4. Bg2 Bg7 5. d3 e6 6. Be3 Nd4 7. Qd2 Ne7 8. Nd1
d6 9. c3 Ndc6 10. Ne2 O-O 11. Bh6 f5 12. Bxg7 Kxg7 13. O-O Bd7 14. Ne3 Qc7 15.
d4 Rad8 16. Rad1 Bc8 17. Qc2 b6 18. Rfe1 Ng8 19. d5 exd5 20. exf5 Bxf5 21.
Nxf5+ Rxf5 22. Nf4 Rxf4 23. gxf4 Nf6 24. Bxd5 Nxd5 25. Rxd5 Ne7 26. Rd2 Nf5 27.
Qe4 Rd7 28. Rde2 Rf7 29. Qd5 Qd8 30. Qg2 d5 31. Rd1 d4 32. cxd4 Nxd4 33. Ree1
Rxf4 34. Kh1 Qf8 35. Rf1 Qf7 36. a3 Rf3 37. Rd2 Qf4 38. Rfd1 a5 39. Kg1 h5 40.
Kh1 Kh6 41. b4 Rxa3 42. bxc5 bxc5 43. Rd3 Rxd3 44. Rxd3 c4 45. Rc3 Ne2 46. Rc2
Qd4 47. Qf3 Qd1+ 48. Kg2 Qg1+ 49. Kh3 Qf1+ 0-1

[Event "Campeonato del Mundo sub-20 2010"]
[Site "Chotowa POL"]
[Date "2010.08.12"]
[Round "9.54"]
[White "Gora, Jan"]
[Black "Green, Andrew D"]
[Result "1-0"]
[WhiteElo "1848"]
[BlackElo "2172"]
[PlyCount "115"]
[EventDate "2010.08.03"]
[EventType "swiss"]
[EventRounds "13"]
[EventCountry "POL"]
[Source "lmi"]
[SourceDate "2010.08.03"]

1. e4 Nf6 2. e5 Nd5 3. d4 d6 4. c4 Nb6 5. f4 dxe5 6. fxe5 Nc6 7. Be3 Bf5 8. Nc3
e6 9. Nf3 Bg4 10. Be2 Bxf3 11. gxf3 Qh4+ 12. Bf2 Qf4 13. c5 Nd5 14. Nxd5 exd5
15. Qd2 Qxd2+ 16. Kxd2 g6 17. Bb5 Kd7 18. b4 h5 19. a4 Bh6+ 20. Be3 Bxe3+ 21.
Kxe3 a6 22. Bxc6+ Kxc6 23. h4 Kd7 24. b5 axb5 25. axb5 Ke6 26. Rhc1 Rhb8 27.
Kf4 f6 28. exf6 Kxf6 29. b6 cxb6 30. Rab1 bxc5 31. Rb6+ Kf7 32. Rxc5 Ra6 33.
Rc7+ Kg8 34. Rbxb7 Rf8+ 35. Kg3 Re8 36. Rg7+ Kh8 37. Rgd7 Rf6 38. Rxd5 Ref8 39.
Rb3 Kg7 40. Re5 Rd6 41. d5 Rfd8 42. Rd3 Kf6 43. f4 R8d7 44. Kf3 Rd8 45. Ke4 Ra8
46. Rc3 Ra4+ 47. Ke3 Ra1 48. Kd4 Rf1 49. Ke4 Re1+ 50. Re3 Rf1 51. Re2 Rd1 52.
f5 Rh1 53. Re6+ Rxe6+ 54. fxe6 Rxh4+ 55. Kf3 Ke7 56. d6+ Ke8 57. d7+ Ke7 58.
Kg2 1-0

[Event "Campeonato del Mundo sub-20 2010"]
[Site "Chotowa POL"]
[Date "2010.08.12"]
[Round "9.55"]
[White "Lis, Marek"]
[Black "Swiech, Przemyslaw"]
[Result "0-1"]
[WhiteElo "2072"]
[BlackElo "2166"]
[PlyCount "65"]
[EventDate "2010.08.03"]
[EventType "swiss"]
[EventRounds "13"]
[EventCountry "POL"]
[Source "lmi"]
[SourceDate "2010.08.03"]

1. e4 c5 2. Nf3 Nc6 3. d4 cxd4 4. Nxd4 Nf6 5. Nc3 e5 6. Ndb5 d6 7. Bg5 a6 8.
Na3 b5 9. Bxf6 gxf6 10. Nd5 f5 11. c3 Bg7 12. exf5 Bxf5 13. Nc2 O-O 14. Nce3
Be6 15. Bd3 f5 16. O-O Ra7 17. f4 Ne7 18. Bc2 Kh8 19. Nxe7 Rxe7 20. fxe5 Bxe5
21. Nxf5 Ref7 22. Qh5 Bc4 23. Rf2 Qb6 24. Qf3 Be6 25. g4 b4 26. Bb3 Bxf5 27.
Bxf7 Be6 28. Kg2 Rxf7 29. Qa8+ Kg7 30. Raf1 Qb7+ 31. Qxb7 Rxb7 32. cxb4 Rxb4
33. h3 0-1

[Event "Campeonato del Mundo sub-20 2010"]
[Site "Chotowa POL"]
[Date "2010.08.12"]
[Round "9.56"]
[White "Guo-yuthok, Sherab"]
[Black "Lukovic, Vladimir"]
[Result "0-1"]
[WhiteElo "1975"]
[BlackElo "2130"]
[PlyCount "82"]
[EventDate "2010.08.03"]
[EventType "swiss"]
[EventRounds "13"]
[EventCountry "POL"]
[Source "lmi"]
[SourceDate "2010.08.03"]

1. f4 d5 2. Nf3 g6 3. g3 Bg7 4. Bg2 Nf6 5. O-O O-O 6. d3 c6 7. Qe1 Nbd7 8. e4
dxe4 9. dxe4 e5 10. Nc3 Re8 11. Ng5 h6 12. Nh3 exf4 13. gxf4 Nxe4 14. Nxe4 f5
15. Be3 fxe4 16. Rd1 Qe7 17. Qg3 Nf8 18. Nf2 Bf5 19. c3 Nh7 20. Rde1 Nf6 21.
Nd1 c5 22. h3 Rad8 23. Re2 b6 24. Rfe1 Qe6 25. b3 Nh5 26. Qh2 Bf6 27. Bf2 Qd6
28. Bg3 g5 29. Ne3 Bh7 30. Nc4 Qc7 31. Bxe4 Bxe4 32. Rxe4 Rxe4 33. Rxe4 Bxc3
34. Qg2 b5 35. Ne3 Bd4 36. Kf2 Rf8 37. Ke2 Qc6 38. Kd3 Bxe3 39. Kxe3 Nf6 40.
fxg5 Nxe4 41. gxh6 Qg6 0-1

[Event "Campeonato del Mundo sub-20 2010"]
[Site "Chotowa POL"]
[Date "2010.08.12"]
[Round "9.58"]
[White "Parol, Pawel"]
[Black "Zecevic, Ivan"]
[Result "1/2-1/2"]
[WhiteElo "1764"]
[BlackElo "1995"]
[PlyCount "220"]
[EventDate "2010.08.03"]
[EventType "swiss"]
[EventRounds "13"]
[EventCountry "POL"]
[Source "lmi"]
[SourceDate "2010.08.03"]

1. e4 c5 2. Nf3 Nc6 3. d4 cxd4 4. Nxd4 Nf6 5. Nc3 d6 6. Bg5 e6 7. Qd2 a6 8.
O-O-O h6 9. Bf4 Bd7 10. Nxc6 Bxc6 11. f3 d5 12. exd5 Nxd5 13. Nxd5 Qxd5 14.
Qxd5 Bxd5 15. Bd3 Rc8 16. Kb1 Be7 17. Rhe1 O-O 18. Be4 Bxe4 19. Rxe4 Rfd8 20.
Red4 Kf8 21. Rxd8+ Rxd8 22. Rxd8+ Bxd8 23. c4 f6 24. Kc2 e5 25. Be3 Ke7 26. Kd3
Ke6 27. h3 h5 28. g4 g6 29. Bc5 f5 30. a3 e4+ 31. fxe4 fxg4 32. hxg4 h4 33. Ke3
h3 34. Kf3 h2 35. Kg2 Ke5 36. Kxh2 Kxe4 37. Bf8 Kd3 38. c5 Bf6 39. b4 Kc4 40.
a4 Bc3 41. b5 axb5 42. axb5 Kxb5 43. Kg3 Bd4 44. Kf4 Bxc5 45. Bg7 Be7 46. g5
Kc4 47. Bf6 Bd6+ 48. Ke3 b5 49. Kd2 Bf4+ 50. Kc2 b4 51. Be7 b3+ 52. Kb2 Be5+
53. Kb1 Kd5 54. Bd8 Ke6 55. Bb6 Kf5 56. Bd8 Ke4 57. Be7 Kd5 58. Bd8 Kc4 59. Be7
Bd4 60. Bf6 Bc5 61. Bd8 Kb4 62. Bf6 Ka4 63. Bd8 Bd6 64. Bf6 Bc5 65. Bd8 Bd6 66.
Bf6 Bb4 67. Bd8 Bc3 68. Bf6 Kb4 69. Be7+ Kc4 70. Bf6 Bd4 71. Be7 Kd3 72. Bf6
Kc3 73. Be7 Kc4 74. Bf6 Kd5 75. Be7 Ke6 76. Bd8 Be5 77. Bb6 Kf5 78. Bd8 Bf4 79.
Kb2 Bxg5 80. Bb6 Bf4 81. Bd8 Bg5 82. Bb6 Bf6+ 83. Kxb3 g5 84. Kc2 Kf4 85. Kd2
Kf3 86. Ke1 Kg2 87. Bc7 Bd4 88. Ke2 g4 89. Bd6 Bf2 90. Be5 Bg3 91. Bd4 Bd6 92.
Bf2 Be7 93. Bd4 Kh3 94. Be5 Bh4 95. Kf1 Bg3 96. Bd4 Kh2 97. Bg1+ Kh1 98. Bd4
Bd6 99. Bf2 Be5 100. Be1 Kh2 101. Bf2 Kh3 102. Kg1 Bf6 103. Kh1 Be5 104. Kg1
Bg3 105. Kh1 Bh2 106. Be1 Bd6 107. Bf2 Bg3 108. Bg1 Be1 109. Bf2 Bd2 110. Be3
Bc3 1/2-1/2

[Event "Campeonato del Mundo sub-20 2010"]
[Site "Chotowa POL"]
[Date "2010.08.13"]
[Round "10.2"]
[White "Sjugirov, Sanan"]
[Black "Matlakov, Maxim"]
[Result "1/2-1/2"]
[WhiteElo "2610"]
[BlackElo "2603"]
[PlyCount "131"]
[EventDate "2010.08.03"]
[EventType "swiss"]
[EventRounds "13"]
[EventCountry "POL"]
[Source "lmi"]
[SourceDate "2010.08.03"]

1. e4 e6 2. d4 d5 3. Nd2 dxe4 4. Nxe4 Nd7 5. Nf3 Ngf6 6. Nxf6+ Nxf6 7. c3 Be7
8. Bd3 O-O 9. O-O b6 10. Qe2 Bb7 11. Bg5 h6 12. Bh4 Nh5 13. Bxe7 Qxe7 14. Qe3
Nf6 15. a4 c5 16. dxc5 bxc5 17. Rfd1 Rfd8 18. Ne5 Qc7 19. Bc4 Ne4 20. f4 Nd6
21. Bd3 Nf5 22. Qf2 f6 23. Nc4 Rd7 24. Qe2 Bd5 25. Be4 Ne7 26. f5 Rad8 27. fxe6
Bxe6 28. Rxd7 Qxd7 29. Bc2 Bf7 30. Rd1 Qc7 31. Rxd8+ Qxd8 32. Qd2 Nc6 33. Qxd8+
Nxd8 34. Nd6 Be6 35. Be4 Kf8 36. a5 Ke7 37. Nb5 f5 38. Bf3 a6 39. Nc7 Bc4 40.
Kf2 Kd7 41. Nd5 Kd6 42. Ne3 Be6 43. Be2 Nc6 44. Nc4+ Bxc4 45. Bxc4 Nxa5 46.
Bxa6 c4 47. Ke3 Ke5 48. g3 g5 49. Kf3 Kd5 50. Bc8 Ke5 51. Ke3 Nb3 52. Bb7 Nc5
53. Bc6 Ne4 54. Be8 Nf6 55. Bf7 Nd5+ 56. Kf3 Nb6 57. Be8 Kd5 58. Bf7+ Ke5 59.
Bg8 Nd5 60. Bf7 Nb6 61. Be8 Nd5 62. Ba4 Nb6 63. Bc2 Nd5 64. Bb1 Nb6 65. Ba2 Kd5
66. Bb1 1/2-1/2

[Event "Campeonato del Mundo sub-20 2010"]
[Site "Chotowa POL"]
[Date "2010.08.13"]
[Round "10.3"]
[White "Swiercz, Dariusz"]
[Black "Hammer, Jon Ludvig"]
[Result "1/2-1/2"]
[WhiteElo "2492"]
[BlackElo "2636"]
[PlyCount "91"]
[EventDate "2010.08.03"]
[EventType "swiss"]
[EventRounds "13"]
[EventCountry "POL"]
[Source "lmi"]
[SourceDate "2010.08.03"]

1. d4 Nf6 2. c4 e6 3. Nc3 Bb4 4. e3 O-O 5. Bd3 c5 6. Nf3 d5 7. O-O dxc4 8. Bxc4
Nbd7 9. Qb3 cxd4 10. Qxb4 dxc3 11. Qxc3 Qc7 12. Qd4 Rd8 13. Be2 Nc5 14. Qc3 Qb6
15. b4 Nce4 16. Qb3 a5 17. bxa5 Qxa5 18. Bb2 Bd7 19. Bd4 Ba4 20. Qb2 Qd5 21.
Ne5 Nd6 22. Rfc1 Rac8 23. f3 b5 24. e4 Qb7 25. Rab1 Nfe8 26. Ng4 f6 27. Ne3
Rxc1+ 28. Rxc1 Nf7 29. a3 Qd7 30. Bb6 Rb8 31. Bc5 Rc8 32. Bb4 Rxc1+ 33. Qxc1
Nc7 34. Qc5 h6 35. f4 Kh7 36. Bh5 Na6 37. Qf8 Qd4 38. Kf2 Nh8 39. Qd6 Qb2+ 40.
Be2 Nxb4 41. Qxb4 Qxb4 42. axb4 Ng6 43. g3 Ne7 44. Bd1 Bxd1 45. Nxd1 Nc6 46.
Nc3 1/2-1/2

[Event "Campeonato del Mundo sub-20 2010"]
[Site "Chotowa POL"]
[Date "2010.08.13"]
[Round "10.4"]
[White "Stupak, Kirill"]
[Black "Tomczak, Jacek"]
[Result "1/2-1/2"]
[WhiteElo "2504"]
[BlackElo "2509"]
[PlyCount "42"]
[EventDate "2010.08.03"]
[EventType "swiss"]
[EventRounds "13"]
[EventCountry "POL"]
[Source "lmi"]
[SourceDate "2010.08.03"]

1. d4 Nf6 2. Nf3 g6 3. g3 Bg7 4. Bg2 d5 5. O-O O-O 6. c4 dxc4 7. Na3 Na6 8.
Nxc4 c5 9. dxc5 Be6 10. Nce5 Nxc5 11. Be3 Rc8 12. Qxd8 Rfxd8 13. Ng5 Nfd7 14.
Nxe6 Nxe6 15. Nd3 b6 16. Nb4 Ne5 17. Rac1 Rxc1 18. Rxc1 Ng4 19. Nc6 Rd7 20. Nb8
Rd8 21. Nc6 Rd7 1/2-1/2

[Event "Campeonato del Mundo sub-20 2010"]
[Site "Chotowa POL"]
[Date "2010.08.13"]
[Round "10.5"]
[White "Blomqvist, Erik"]
[Black "Saric, Ivan"]
[Result "1/2-1/2"]
[WhiteElo "2407"]
[BlackElo "2584"]
[PlyCount "108"]
[EventDate "2010.08.03"]
[EventType "swiss"]
[EventRounds "13"]
[EventCountry "POL"]
[Source "lmi"]
[SourceDate "2010.08.03"]

1. e4 e5 2. Nf3 Nc6 3. Bb5 a6 4. Ba4 Nf6 5. O-O Be7 6. Re1 b5 7. Bb3 d6 8. c3
O-O 9. h3 Nb8 10. d3 Nbd7 11. Nbd2 a5 12. a4 b4 13. Nc4 Nc5 14. Bc2 bxc3 15.
bxc3 Be6 16. Nfd2 Ncd7 17. Rb1 Re8 18. d4 exd4 19. cxd4 d5 20. Ne5 Nxe5 21.
dxe5 Nxe4 22. Nxe4 dxe4 23. Bxe4 Qxd1 24. Rxd1 Rad8 25. Rxd8 Rxd8 26. Be3 Bb4
27. Rc1 Bb3 28. Rxc7 Bxa4 29. Ra7 Re8 30. f4 Bb3 31. Bc6 Rd8 32. Kh2 g6 33. Bb6
Rc8 34. Bb7 Rc4 35. Bd8 Rxf4 36. Bf6 Rxf6 37. exf6 a4 38. Ra8+ Bf8 39. Be4 a3
40. Kg3 a2 41. Kf4 h5 42. Ke5 Kh7 43. Bd5 Bb4 44. Bxb3 Bc3+ 45. Kd6 a1=Q 46.
Rxa1 Bxa1 47. Ke7 Kh6 48. Bxf7 Kg5 49. h4+ Kxh4 50. Bxg6 Bxf6+ 51. Kxf6 Kg3 52.
Be4 h4 53. Kg5 h3 54. gxh3 Kxh3 1/2-1/2

[Event "Campeonato del Mundo sub-20 2010"]
[Site "Chotowa POL"]
[Date "2010.08.13"]
[Round "10.7"]
[White "Martinovic, Sasa"]
[Black "Kasyan, Aleksandr"]
[Result "1/2-1/2"]
[WhiteElo "2505"]
[BlackElo "2326"]
[PlyCount "46"]
[EventDate "2010.08.03"]
[EventType "swiss"]
[EventRounds "13"]
[EventCountry "POL"]
[Source "lmi"]
[SourceDate "2010.08.03"]

1. d4 d6 2. c4 g6 3. Nc3 Bg7 4. e4 Nf6 5. f3 e5 6. Nge2 O-O 7. Bg5 Qe8 8. Qd2
a6 9. d5 b5 10. Ng3 b4 11. Nd1 a5 12. a3 Na6 13. axb4 axb4 14. c5 dxc5 15. Bc4
Bb7 16. Bh6 Bxh6 17. Qxh6 Qd8 18. h4 Kh8 19. h5 Ng8 20. Qe3 Qd6 21. Nf2 Nb8 22.
Rxa8 Bxa8 23. Nd3 Nd7 1/2-1/2